| 000 | 00744cab a2200241 4500 | ||
|---|---|---|---|
| 001 | X98918 | ||
| 008 | 090401t1999 xxu||||| |||| 00| 0 eng d | ||
| 035 | _a(Sirsi) u93666 | ||
| 041 | _aeng | ||
| 245 | _aNewark and Sherwood DC v SoS Environment, Transport and the Regions and Mills | ||
| 260 | _c1999 | ||
| 350 | _a0 | ||
| 490 |
_aJournal of Planning and Environment Law _v[1999] JPL 447 |
||
| 650 | _aHOLIDAY HOMES | ||
| 650 | _aNEWARK AND SHERWOOD DC V SOS ENVIRONMENT TRANSPORT AND THE REGIONS AND | ||
| 650 | _aPLANNING PERMISSION | ||
| 650 | _aTOWN AND COUNTRY PLANNING ACT 1990 S288 | ||
| 650 | _aTREE PLANTING | ||
| 650 | _aWOODLANDS | ||
| 690 | _aPLANNING LAW AND PRACTICE-CASE LAW | ||
| 942 | _n0 | ||
| 948 | _c01/06/1999 | ||
| 999 |
_c59364 _d59364 |
||